Indochina Countries - Map Quiz - Statistics

General Stats
  • This quiz has been taken 394 times
    57 since last reset
  • The average score is 6 of 6
Answers on the Map
Answers color-coded by a green-red scale on the quiz's map according to % correct below.
 
Answer Stats
Answer % Correct
Laos
98%
Cambodia
95%
Vietnam
95%
Malaysia
93%
Thailand
93%
Myanmar
89%
No matching quizzes found
Score Distribution
Percent of People with Each Score
Percentile by Number Answered
Your Score History
You have not taken this quiz since the last reset